00420nam a2200181Ia 4500008004000000041000800040082001200048100001900060245005200079260003800131650001000169650000800179650000700187650000900194650001600203650001100219650000800230210210b1898 xxu||||| |||| 00| 0 eng d aeng a954/268 aMULLER (Max F) aBiographies of words and the home of the aryans aLondonbLongmans Green & Coc1898 awords athe aof ahome aBiographies aaryans aand